[Event "5th Rector Cup"]
[Site "Kharkov"]
[Date "2003.03.27"]
[Round "7.2"]
[White "Zubarev, A."]
[Black "Alekseev, E."]
[Result "0-1"]
[WhiteElo "2501"]
[BlackElo "2614"]
[PlyCount "92"]
[EventDate "2003.03.21"]

1. e4 c5 2. Nf3 Nc6 3. d4 cxd4 4. Nxd4 Nf6 5. Nc3 d6 6. Bg5 e6 7. Qd2 a6 8.
O-O-O Bd7 9. f4 b5 10. Bxf6 gxf6 11. Nxc6 Bxc6 12. Qe3 Qe7 13. Bd3 Qa7 14. Qe1
Be7 15. Kb1 Qc5 16. f5 a5 17. Qg3 a4 18. Ne2 a3 19. b3 Qe5 20. c3 Bxe4 21. Bxe4
Qxe4+ 22. Qd3 Qxd3+ 23. Rxd3 e5 24. Ng3 Rg8 25. Re1 Kd7 26. Re4 Rg5 27. Rh4 Rh8
28. Kc2 h5 29. Rd2 Rg4 30. Rxh5 Rxh5 31. Nxh5 Rh4 32. Ng3 Rxh2 33. c4 bxc4 34.
bxc4 Rh4 35. Kd3 Rd4+ 36. Kc3 Rg4 37. Nf1 Bd8 38. Re2 Bb6 39. Nh2 Rf4 40. Nf3
Rxf5 41. Re4 Rh5 42. Rh4 Rxh4 43. Nxh4 Ke6 44. g4 e4 45. Nf5 Ke5 46. Kd2 Bc5
0-1

[Event "5th Rector Cup"]
[Site "Kharkov"]
[Date "2003.03.27"]
[Round "8.2"]
[White "Eljanov, P."]
[Black "Kulaots, K."]
[Result "0-1"]
[WhiteElo "2571"]
[BlackElo "2513"]
[PlyCount "66"]
[EventDate "2003.03.21"]

1. d4 Nf6 2. c4 e6 3. Nf3 b6 4. a3 Bb7 5. Nc3 d5 6. cxd5 Nxd5 7. e3 Be7 8. Bb5+
c6 9. Bd3 O-O 10. Qc2 h6 11. e4 Nxc3 12. bxc3 c5 13. O-O Qc8 14. Qe2 Rd8 15.
Bf4 Ba6 16. Rfd1 Bxd3 17. Rxd3 cxd4 18. cxd4 Nd7 19. Rad1 Bf8 20. e5 Qc4 21.
Nd2 Qc2 22. Rg3 Nb8 23. Qe1 Rxd4 24. Bxh6 Nd7 25. Rc1 Qf5 26. Be3 Rd5 27. Rg5
Qd3 28. Nf3 Qxa3 29. Bd4 Nc5 30. Ra1 Qd3 31. Rg4 Nb3 32. Rd1 Qc2 33. Rb1 Rad8
0-1

[Event "5th Rector Cup"]
[Site "Kharkov"]
[Date "2003.03.27"]
[Round "8.2"]
[White "Alekseev, E."]
[Black "Moiseenko, A."]
[Result "1-0"]
[WhiteElo "2614"]
[BlackElo "2597"]
[PlyCount "79"]
[EventDate "2003.03.21"]

1. e4 c5 2. Nf3 Nc6 3. Bb5 e6 4. Bxc6 bxc6 5. d3 Ne7 6. Qe2 Qc7 7. Nh4 h6 8. g3
d5 9. f4 g5 10. fxg5 hxg5 11. Bxg5 Qe5 12. Bc1 c4 13. Nd2 c3 14. bxc3 Qxc3 15.
Rb1 Qxc2 16. O-O Ba6 17. Rb3 dxe4 18. Qxe4 Qc5+ 19. Kg2 Bg7 20. Nc4 Qd5 21.
Qxd5 cxd5 22. Nd6+ Kd7 23. Rxf7 Be5 24. Nb7 Ke8 25. Rf2 Bd4 26. Re2 Kd7 27. Ba3
Rhb8 28. Nf3 Rxb7 29. Nxd4 Rb6 30. Rc3 Rc8 31. Rxc8 Nxc8 32. Nb3 Ke8 33. Nc5
Kf7 34. g4 Bb5 35. Rf2+ Kg6 36. Bb2 Bc6 37. Nxe6 d4+ 38. Kg3 Bb5 39. Nf8+ Kh6
40. Rf7 1-0

[Event "5th Rector Cup"]
[Site "Kharkov"]
[Date "2003.03.27"]
[Round "8.2"]
[White "Kovchan, A."]
[Black "Sulskis, S."]
[Result "1-0"]
[WhiteElo "2536"]
[BlackElo "2567"]
[PlyCount "97"]
[EventDate "2003.03.21"]

1. e4 e5 2. Nf3 Nc6 3. d4 exd4 4. Nxd4 Nf6 5. Nxc6 bxc6 6. e5 Qe7 7. Qe2 Nd5 8.
c4 Ba6 9. b3 Qb4+ 10. Bd2 Qb6 11. Qe4 Nb4 12. Bd3 O-O-O 13. O-O d5 14. exd6
Nxd3 15. Qxd3 Bxd6 16. Qf5+ Kb8 17. Be3 c5 18. Nc3 Bb7 19. Rad1 Qc6 20. f3 g6
21. Qc2 f5 22. Nd5 Rde8 23. Qf2 a5 24. Rfe1 Re6 25. Nf4 Bxf4 26. Bxf4 Rxe1+ 27.
Rxe1 g5 28. Bxg5 a4 29. bxa4 Rg8 30. Bf4 Qxa4 31. Qxc5 Bxf3 32. Bxc7+ Ka8 33.
Bg3 Bb7 34. Qxf5 Qxa2 35. Qf2 Qxf2+ 36. Kxf2 Rf8+ 37. Kg1 Ba6 38. c5 Bb5 39.
Rb1 Bd3 40. Rc1 Kb7 41. c6+ Kb6 42. c7 Ba6 43. Bd6 Rg8 44. g3 Bc8 45. Bf4 h5
46. Rd1 Rg4 47. Rd8 Kb7 48. Rh8 h4 49. h3 1-0

[Event "5th Rector Cup"]
[Site "Kharkov"]
[Date "2003.03.27"]
[Round "8.2"]
[White "Sadvakasov, D."]
[Black "Zubarev, A."]
[Result "1/2-1/2"]
[WhiteElo "2523"]
[BlackElo "2501"]
[PlyCount "166"]
[EventDate "2003.03.21"]

1. e4 c5 2. Nf3 g6 3. d4 Bg7 4. c4 Qb6 5. dxc5 Qxc5 6. Bd3 d6 7. O-O Bg4 8.
Nbd2 Qc7 9. h3 Bd7 10. Nb3 Nc6 11. Be3 Nf6 12. Qd2 O-O 13. Rac1 b6 14. Rfe1
Rfd8 15. Nbd4 Qb7 16. Bg5 Ne5 17. Nxe5 dxe5 18. Nc2 Bc6 19. f3 h6 20. Be3 Kh7
21. Red1 Nd7 22. Qf2 Nf8 23. Nb4 Ne6 24. Nd5 Be8 25. g3 Rac8 26. b4 Nd4 27. f4
e6 28. fxe5 exd5 29. exd5 Nb5 30. cxb5 Rxc1 31. Bxc1 Rxd5 32. Qf3 Kg8 33. Bf1
Rxd1 34. Qxb7 Bxb5 35. Bb2 Rxf1+ 36. Kg2 Rb1 37. Bc3 Rc1 38. Qb8+ Kh7 39. Bd4
Rd1 40. Be3 Re1 41. Kf3 Bc6+ 42. Kf2 Ra1 43. Qd6 Rxa2+ 44. Ke1 Bb5 45. Bf4 Bc4
46. h4 h5 47. Kd1 Be6 48. Kc1 Rh2 49. Bd2 Re2 50. Bf4 Re4 51. Kb2 a5 52. bxa5
bxa5 53. Kc3 Rc4+ 54. Kb2 Rc8 55. Bg5 Bf8 56. Be7 Bxe7 57. Qxe7 Rc4 58. Qa7
Rb4+ 59. Ka3 Rb1 60. Qc5 Ra1+ 61. Kb2 Ra2+ 62. Kc3 a4 63. Kb4 Ra1 64. Qc3 Ra2
65. Ka5 Bb3 66. Kb4 Rc2 67. Qe3 Rc4+ 68. Ka3 Rg4 69. Qf3 Be6 70. Qe3 Kg7 71.
Qf3 Rd4 72. Qe3 Rc4 73. Qf3 Bf5 74. Qd5 Rc3+ 75. Kxa4 Rxg3 76. Qd8 Be6 77. Qf6+
Kg8 78. Kb4 Rd3 79. Kc5 Kf8 80. Kc6 Kg8 81. Kc7 Rd7+ 82. Kc6 Rd4 83. Kc7 Rd7+
1/2-1/2